| 000 | 00437nam a2200181Ia 4500 | ||
|---|---|---|---|
| 001 | 23587 | ||
| 005 | 20260414150947.0 | ||
| 008 | 260414t9999||||xx |||||||||||||| ||spa|| | ||
| 041 | _aESP | ||
| 082 |
_a670.42 _bD98 T. 1 |
||
| 100 |
_aDurán Ramirez, Felipe _eAUT |
||
| 245 | 0 |
_aConsultor del ingeniero industrial _b |
|
| 260 | _c0 | ||
| 300 |
_a616 páginas _c27 cm. |
||
| 650 | _aTCA | ||
| 654 | _aCII | ||
| 942 |
_cLIB _dJUS _fJUS _2ddc _n |
||
| 999 |
_c23587 _d23587 |
||